• 首页
  • 本馆介绍
  • 公告通知
  • 最新文献
  • 馆藏检索
  • 电子资源
  • 读者导购
  • 参考咨询
  • 我的图书馆
  • 登录
  • 详细信息显示
  • 放入我的书架
  • 预约/预借图书
  • 作者相关作品
  • 分类相关作品
  • 丛书相关作品
  • 出版社相关作品

书目信息

  • 表格格式
  • 工作单格式
  • 卡片格式
题名:
白酒工艺学
    
 
作者: 陆寿鹏 主编
分册:  
出版信息: 北京   中国轻工业出版社  1994
页数: 252页
开本: 20cm
丛书名:
单 册:
中图分类: TS262.3 , TS262.3
科图分类: 83.6265
主题词: 白酒--生产工艺 , 酿造--食品工业
电子资源:
ISBN: 7-5019-1630-6
000 00621nam0 2200241 45
001 2463894110
005 20241104094526.72
010    @a7-5019-1630-6@d¥9.90
100    @a19960715d1994 em y0chiy0120 ea
101 0  @achi
102    @aCN@b110000
105    @ay z 000yy
200 10 @a白酒工艺学@Abai jiu gong yi xue@f陆寿鹏主编
210    @a北京@c中国轻工业出版社@d1994
215    @a252页@d20cm
606    @a白酒@x生产工艺
606 0  @a酿造@x食品工业
690    @aTS262.3@v3
690    @aTS262.3@v4
692    @a83.6265@v2
701  0 @a陆寿鹏@Alu shou peng@4主编
801  0 @aCN@bTSSF
905    @aZUCC@dTS262.3@e432
    
    白酒工艺学/陆寿鹏主编.-北京:中国轻工业出版社,1994
    252页;20cm
    
    
    ISBN 7-5019-1630-6:¥9.90
    
●
相关链接 在E读中查询图书 在五车中查询图书 在当当中查询图书 在豆瓣中查询图书


正题名:白酒工艺学     索取号:TS262.3/432         预约/预借

序号 登录号 条形码 馆藏地/架位号 状态 备注
1 1059628   210596283   密集书库-生命科学系/ [索取号:TS262.3/432] 在馆    
欢迎您!
大连网信软件有限公司© 版权所有